[Event "Reykjavik op"]
[Site "Reykjavik"]
[Date "2024.03.16"]
[Round "3"]
[White "Bergsson, Stefan"]
[Black "Zhou, David"]
[Result "1-0"]
[WhiteElo "2144"]
[BlackElo "1954"]
[PlyCount "75"]
[EventDate "2024.03.15"]
[EventType "swiss"]
[EventRounds "9"]
[EventCountry "ISL"]
[SourceTitle "CB13_2024"]
[SourceDate "2024.03.27"]
[SourceVersion "1"]
[SourceVersionDate "2024.03.27"]
[SourceQuality "1"]

1. e4 c5 2. Nc3 Nc6 3. Nf3 e6 4. d4 cxd4 5. Nxd4 Qc7 6. Be3 a6 7. f4 b5 8. Qf3 Bb7 9. 0-0-0 Nf6 10. Bd3 Nxd4 11. Bxd4 Bc5 12. Bxc5 Qxc5 13. Qg3 Nh5 14. Qf3 Nf6 15. Rhe1 b4 16. Ne2 0-0-0 17. Kb1 Kb8 18. Ng3 h5 19. Qe2 Qb6 20. Nf1 d5 21. e5 Nd7 22. Nd2 Nc5 23. Nb3 Nxb3 24. axb3 g6 25. Rg1 Ka7 26. h3 h4 27. Qe1 Bc6 28. Rf1 a5 29. Rf2 Kb7 30. c3 a4 31. cxb4 axb3 32. b5 Bxb5 33. Bxb5 Qxb5 34. Rd4 Ka6 35. Rb4 Qd3+ 36. Ka1 Ka7 37. Ra4+ Kb6 38. Rf3 1-0

[Event "Leca da Palmeira 2nd"]
[Site "Leca da Palmeira"]
[Date "2023.08.03"]
[Round "6"]
[White "Veiga, Jose Francisco RP"]
[Black "Bergsson, Stefan"]
[Result "0-1"]
[WhiteElo "2397"]
[BlackElo "2169"]
[PlyCount "58"]
[EventDate "2023.07.31"]
[EventType "swiss"]
[EventRounds "9"]
[EventCountry "POR"]
[SourceTitle "CBM 215 Extra"]
[Source "ChessBase"]
[SourceDate "2023.09.30"]
[SourceVersion "1"]
[SourceVersionDate "2023.09.30"]
[SourceQuality "1"]

1. e4 c5 2. Nf3 Nc6 3. d4 cxd4 4. Nxd4 Nf6 5. Nc3 e5 6. Ndb5 d6 7. Bg5 a6 8. Na3 b5 9. Nd5 Be7 10. Bxf6 Bxf6 11. c4 b4 12. Nc2 0-0 13. b3 a5 14. h4 Be6 15. g3 g6 16. Bh3 Bg7 17. h5 Ra7 18. Kf1 Qc8 19. Kg2 Nd4 20. Nxd4 exd4 21. f4 Re8 22. hxg6 hxg6 23. f5 Bxd5 24. cxd5 Rc7 25. fxg6 Rc2+ 26. Kf1 Qc3 27. gxf7+ Kxf7 28. Bf5 Ke7 29. Rb1 Rd2 0-1

[Event "Kragero op"]
[Site "Kragero"]
[Date "2023.02.22"]
[Round "2"]
[White "Bergsson, Stefan"]
[Black "Stangl, Anita"]
[Result "1-0"]
[WhiteElo "2170"]
[BlackElo "2013"]
[PlyCount "89"]
[EventDate "2023.02.22"]
[EventType "swiss"]
[EventRounds "9"]
[EventCountry "NOR"]
[SourceTitle "CBM 212 Extra"]
[Source "ChessBase"]
[SourceDate "2023.03.31"]
[SourceVersion "1"]
[SourceVersionDate "2023.03.31"]
[SourceQuality "1"]

1. e4 e6 2. d4 d5 3. Nc3 Nf6 4. e5 Nfd7 5. f4 c5 6. Nf3 Nc6 7. Be3 Qb6 8. Na4 Qa5+ 9. c3 cxd4 10. b4 Nxb4 11. cxb4 Bxb4+ 12. Bd2 Bxd2+ 13. Nxd2 b5 14. Nb2 Qc3 15. Nd3 Nb6 16. Kf2 0-0 17. Nb3 Qc7 18. Be2 f6 19. exf6 Rxf6 20. Bf3 Nc4 21. Re1 Bd7 22. Rc1 Be8 23. Rxe6 Ne3 24. Rxe8+ Rxe8 25. Rxc7 Nxd1+ 26. Bxd1 Re3 27. Be2 Ra6 28. Rc8+ Kf7 29. Ne5+ Ke7 30. Nxd4 Re4 31. Nf5+ Kf6 32. Rf8+ Ke6 33. Nxg7+ Ke7 34. Rf7+ Kd8 35. Rf8+ Ke7 36. Re8+ Kd6 37. Nf5+ Kc7 38. Re7+ Kc8 39. g3 Rf6 40. Bxb5 a6 41. Bd3 Ra4 42. Rxh7 Rxa2+ 43. Ke3 a5 44. Ne7+ Kb8 45. Nd7+ 1-0

[Event "EU-ch Rapid"]
[Site "Katowice"]
[Date "2022.12.17"]
[Round "2"]
[White "Gavrilescu, David"]
[Black "Bergsson, Stefan"]
[Result "1-0"]
[WhiteElo "2522"]
[BlackElo "2172"]
[PlyCount "79"]
[EventDate "2022.12.17"]
[EventType "swiss (rapid)"]
[EventRounds "11"]
[EventCountry "POL"]
[SourceTitle "CBM 211 Extra"]
[Source "ChessBase"]
[SourceDate "2023.01.31"]
[SourceVersion "1"]
[SourceVersionDate "2023.01.31"]
[SourceQuality "1"]

1. e4 e5 2. Bc4 Nc6 3. Nc3 Nf6 4. d3 Bc5 5. f4 d6 6. Nf3 Bg4 7. Na4 Bxf3 8. Qxf3 Nd4 9. Qd1 exf4 10. Nxc5 dxc5 11. Bxf4 b5 12. Bb3 Ne6 13. Be3 Qe7 14. 0-0 Rd8 15. Qf3 0-0 16. a4 c4 17. dxc4 bxc4 18. Bxc4 Qb4 19. b3 Qc3 20. Bxa7 Qxc2 21. Rae1 Ng5 22. Qf2 Rd2 23. Re2 Rfd8 24. Be3 Ngxe4 25. Rxd2 Rxd2 26. Qf3 Rd8 27. a5 Nd2 28. Bxd2 Qxd2 29. a6 Qa5 30. h3 h5 31. Qe3 Re8 32. Qd4 Re4 33. Bxf7+ Kf8 34. Qd3 Qb6+ 35. Kh1 Re3 36. Qg6 Qxa6 37. Bc4 Rxh3+ 38. gxh3 Qc6+ 39. Qg2 Qc5 40. Qd5 1-0

[Event "EU-ch Blitz"]
[Site "Katowice"]
[Date "2022.12.16"]
[Round "17"]
[White "Bergsson, Stefan"]
[Black "Karas, Marek"]
[Result "0-1"]
[WhiteElo "2172"]
[BlackElo "2240"]
[PlyCount "112"]
[EventDate "2022.12.16"]
[EventType "swiss (blitz)"]
[EventRounds "22"]
[EventCountry "POL"]
[SourceTitle "CBM 211 Extra"]
[Source "ChessBase"]
[SourceDate "2023.01.31"]
[SourceVersion "1"]
[SourceVersionDate "2023.01.31"]
[SourceQuality "1"]

1. c4 e5 2. Nc3 Nf6 3. g3 c6 4. d4 exd4 5. Qxd4 d5 6. Bg2 dxc4 7. Qxc4 Be6 8. Qa4 Nbd7 9. Nf3 Nc5 10. Qc2 Be7 11. 0-0 Qc8 12. b4 Na6 13. a3 0-0 14. Ng5 Bf5 15. e4 Bg4 16. f3 Be6 17. Be3 Nc7 18. e5 Bf5 19. Qf2 Nfd5 20. Nxd5 Nxd5 21. Bd2 Bd8 22. Kh1 Bb6 23. Qe1 Bd3 24. f4 Bxf1 25. Qxf1 h6 26. Ne4 Bc7 27. Bh3 Qd8 28. Rd1 Qe7 29. Bc1 Rad8 30. Re1 a5 31. Bb2 axb4 32. axb4 Qxb4 33. Ba1 Rfe8 34. e6 Qf8 35. f5 fxe6 36. f6 e5 37. Nc5 Qxf6 38. Qe2 b6 39. Nd3 Rf8 40. Rf1 Qe7 41. Re1 e4 42. Nf2 e3 43. Ng4 h5 44. Nh6+ gxh6 45. Qxh5 Rf6 46. Bf5 Rdf8 47. Qg4+ Qg7 48. Qxg7+ Kxg7 49. g4 Kg8 50. h4 Rxf5 51. gxf5 Rxf5 52. Rg1+ Kf8 53. Bg7+ Kf7 54. Bb2 Be5 55. Ba3 e2 56. Kg2 Rf1 0-1

[Event "Solta op 5th"]
[Site "Grohote"]
[Date "2022.07.09"]
[Round "8"]
[White "Bartel, Michal"]
[Black "Bergsson, Stefan"]
[Result "1-0"]
[WhiteElo "2195"]
[BlackElo "2134"]
[PlyCount "79"]
[EventDate "2022.07.02"]
[EventType "swiss"]
[EventRounds "9"]
[EventCountry "CRO"]
[SourceTitle "EXT 2023"]
[Source "ChessBase"]
[SourceDate "2022.10.05"]
[SourceVersion "1"]
[SourceVersionDate "2022.10.05"]
[SourceQuality "1"]

1. d4 c6 2. Nf3 d5 3. Bf4 Nf6 4. e3 Bf5 5. Nbd2 Nbd7 6. Be2 Nh5 7. Be5 Nhf6 8. Nh4 e6 9. Bg3 Be7 10. 0-0 0-0 11. Nxf5 exf5 12. c4 dxc4 13. Bxc4 Nb6 14. Bd3 g6 15. Qb3 Qd5 16. a4 Qxb3 17. Nxb3 a5 18. Rfc1 Nbd5 19. Bc4 f4 20. exf4 Ne4 21. Bxd5 cxd5 22. f3 Nxg3 23. hxg3 Bb4 24. Rc2 Rfe8 25. Kf2 Re7 26. Re2 Rc7 27. Rc1 Rac8 28. Rxc7 Rxc7 29. Ke3 Rc4 30. Kd3 Bf8 31. Nxa5 Rb4 32. Re5 b6 33. Nc6 Rxb2 34. Rxd5 Ra2 35. Rd8 Rxg2 36. d5 Rxg3 37. d6 Rxf3+ 38. Ke4 Ra3 39. d7 f5+ 40. Kd5 1-0

[Event "Reykjavik Blitz op"]
[Site "Reykjavik"]
[Date "2022.01.29"]
[Round "2"]
[White "Omarsson, Adam"]
[Black "Bergsson, Stefan"]
[Result "0-1"]
[WhiteElo "1546"]
[BlackElo "2095"]
[PlyCount "92"]
[EventDate "2022.01.29"]
[EventType "swiss (blitz)"]
[EventRounds "11"]
[EventCountry "ISL"]
[SourceTitle "CBM 206 Extra"]
[Source "ChessBase"]
[SourceDate "2022.03.31"]
[SourceVersion "1"]
[SourceVersionDate "2022.03.31"]
[SourceQuality "1"]

1. d4 Nf6 2. c4 g6 3. Nc3 Bg7 4. e4 0-0 5. f4 d6 6. Nf3 c5 7. d5 e6 8. Bd3 exd5 9. cxd5 Bg4 10. 0-0 Nbd7 11. Be3 Re8 12. Bc2 a6 13. a4 Rb8 14. a5 b5 15. axb6 Rxb6 16. Rb1 Qb8 17. Qc1 Rb4 18. Nd2 Nb6 19. Na2 a5 20. Nxb4 axb4 21. Re1 Nbxd5 22. exd5 Nxd5 23. Bf2 Nxf4 24. Rxe8+ Qxe8 25. Qe1 Qc6 26. Qe4 Ne2+ 27. Kh1 Qd7 28. h3 Bf5 29. Qc4 Nd4 30. Bxf5 Qxf5 31. Bg3 Bh6 32. Nb3 Nxb3 33. Qxb3 Qxb1+ 34. Kh2 Bf8 35. Qa4 Qxb2 36. Qd7 Qf6 37. Qc8 Qe7 38. Bf4 b3 39. Qb8 c4 40. Qb4 d5 41. Qb5 g5 42. Bg3 Qe6 43. Qb8 d4 44. Qd8 b2 45. Qb8 c3 46. Qb4 Bxb4 0-1

[Event "EU-ch 21st"]
[Site "Reykjavik"]
[Date "2021.09.05"]
[Round "11"]
[White "Bergsson, Stefan"]
[Black "Domalchuk Jonasson, Aleksandr"]
[Result "1/2-1/2"]
[WhiteElo "2158"]
[BlackElo "2052"]
[PlyCount "98"]
[EventDate "2021.08.26"]
[EventType "swiss"]
[EventRounds "11"]
[EventCountry "ISL"]
[SourceTitle "CBM 204"]
[Source "ChessBase"]
[SourceDate "2021.10.31"]
[SourceVersion "1"]
[SourceVersionDate "2021.10.31"]
[SourceQuality "1"]

1. e4 c5 2. Nf3 d6 3. d4 cxd4 4. Nxd4 Nf6 5. Nc3 Nc6 6. Bg5 Bd7 7. Be2 Qa5 8. Bxf6 gxf6 9. 0-0 Rg8 10. Kh1 Rc8 11. f4 Nxd4 12. Qxd4 Qc5 13. Rad1 Qxd4 14. Rxd4 Bg7 15. f5 Bh6 16. Rf3 Rg7 17. Rc4 Rxc4 18. Bxc4 Bc1 19. b3 Bb2 20. h3 Bc6 21. Bb5 Bxc3 22. Bxc6+ bxc6 23. Rxc3 Kd7 24. Rd3 e6 25. c4 Rg5 26. g4 h5 27. Rg3 hxg4 28. hxg4 d5 29. exd5 cxd5 30. cxd5 exf5 31. Rf3 Kd6 32. gxf5 Kxd5 33. Re3 Rxf5 34. Re7 a5 35. Rxf7 Rf2 36. a4 Kc6 37. Kg1 Rf3 38. Kg2 Rxb3 39. Rxf6+ Kc5 40. Kf2 Kb4 41. Rf4+ Ka3 42. Ke2 Rb4 43. Rxb4 Kxb4 44. Kd2 Kxa4 45. Kc2 Ka3 46. Kb1 Kb3 47. Ka1 a4 48. Kb1 a3 49. Ka1 a2 1/2-1/2

[Event "EU-ch 21st"]
[Site "Reykjavik"]
[Date "2021.09.01"]
[Round "7"]
[White "Bergsson, Stefan"]
[Black "Kjartansson, Gudmundur"]
[Result "1/2-1/2"]
[WhiteElo "2158"]
[BlackElo "2470"]
[PlyCount "102"]
[EventDate "2021.08.26"]
[EventType "swiss"]
[EventRounds "11"]
[EventCountry "ISL"]
[SourceTitle "CBM 204"]
[Source "ChessBase"]
[SourceDate "2021.10.31"]
[SourceVersion "1"]
[SourceVersionDate "2021.10.31"]
[SourceQuality "1"]

1. c4 e5 2. Nc3 Nc6 3. g3 Bc5 4. Bg2 a6 5. e3 d6 6. Nge2 Ba7 7. d4 Nge7 8. 0-0 h5 9. h3 h4 10. g4 f5 11. g5 Ng6 12. Nd5 Nce7 13. Nxe7 Qxe7 14. f4 c6 15. b4 Bb6 16. d5 Bd7 17. Kh1 c5 18. bxc5 Bxc5 19. Rb1 b5 20. fxe5 Nxe5 21. Nf4 g6 22. Ne6 Nxc4 23. Nxc5 dxc5 24. d6 Qd8 25. Rf4 Be6 26. Rxc4 Bxc4 27. Bc6+ Kf8 28. Bb2 Rh7 29. Bf6 Qc8 30. Bxa8 Qxa8+ 31. Kh2 Ke8 32. Be7 Rxe7 33. dxe7 Kxe7 34. Qd2 Qb8+ 35. Kh1 Qg3 36. Rd1 Qxh3+ 37. Kg1 Qg3+ 38. Kh1 Qf3+ 39. Kg1 Qg4+ 40. Kh1 Qh3+ 41. Kg1 Qg4+ 42. Kh1 Qe4+ 43. Kg1 Kf7 44. Qd8 Qxe3+ 45. Kh1 Qe4+ 46. Kg1 Qg4+ 47. Kh1 Qf3+ 48. Kg1 Qg3+ 49. Kh1 Qh3+ 50. Kg1 Qe3+ 51. Kh1 Qf3+ 1/2-1/2

[Event "EU-ch 21st"]
[Site "Reykjavik"]
[Date "2021.08.28"]
[Round "3"]
[White "Vogel, Roven"]
[Black "Bergsson, Stefan"]
[Result "1-0"]
[WhiteElo "2441"]
[BlackElo "2158"]
[PlyCount "59"]
[EventDate "2021.08.26"]
[EventType "swiss"]
[EventRounds "11"]
[EventCountry "ISL"]
[SourceTitle "CBM 204"]
[Source "ChessBase"]
[SourceDate "2021.10.31"]
[SourceVersion "1"]
[SourceVersionDate "2021.10.31"]
[SourceQuality "1"]

1. Nf3 Nf6 2. c4 g6 3. b3 Bg7 4. Bb2 c5 5. g3 b6 6. Bg2 Bb7 7. 0-0 0-0 8. d4 cxd4 9. Qxd4 Nc6 10. Qh4 h6 11. Bxf6 exf6 12. Nc3 Re8 13. Rac1 f5 14. Rfe1 g5 15. Qh5 Bxc3 16. Rxc3 Qf6 17. Rd3 Rad8 18. Red1 d5 19. Rxd5 Rxd5 20. cxd5 Nb4 21. h4 Bxd5 22. hxg5 Bxf3 23. Qxf3 hxg5 24. a3 Nc2 25. Qd3 Rc8 26. Rc1 Qc3 27. Qxf5 Rc5 28. Bd5 Kg7 29. Qxf7+ Kh6 30. Be4 1-0